Определение содержания аскорбиновой кислоты в овощах и фруктах титриметрическим методом; Химия и химическая технология в XXI веке

Podrobná bibliografie
Parent link:Химия и химическая технология в XXI веке.— 2018.— [С. 589-590]
Hlavní autor: Ренькас М. А.
Korporativní autor: Муниципальное автономное образовательное учреждение Гимназия №6 города Томска
Další autoři: Удалов А. А. (научный руководитель), Удалова Е. В.
Shrnutí:Заглавие с экрана
Jazyk:ruština
Vydáno: 2018
Edice:Химия и химическая технология (для школьников)
Témata:
On-line přístup:http://earchive.tpu.ru/handle/11683/50014
Médium: MixedMaterials Elektronický zdroj Kapitola
KOHA link:https://koha.lib.tpu.ru/cgi-bin/koha/opac-detail.pl?biblionumber=627146

MARC

LEADER 00000naa2a2200000 4500
001 627146
005 20231101133439.0
035 |a (RuTPU)RU\TPU\conf\26850 
035 |a RU\TPU\conf\26849 
090 |a 627146 
100 |a 20180816d2018 k y0rusy50 ca 
101 0 |a rus 
102 |a RU 
105 |a y z 101zy 
135 |a drgn ---uucaa 
181 0 |a i  
182 0 |a b 
200 1 |a Определение содержания аскорбиновой кислоты в овощах и фруктах титриметрическим методом  |f М. А. Ренькас  |g науч. рук. А. А. Удалов, Е. В. Удалова 
203 |a Текст  |c электронный 
225 1 |a Химия и химическая технология (для школьников) 
230 |a 1 компьютерный файл (pdf; 703 Kb) 
300 |a Заглавие с экрана 
320 |a [Библиогр.: с. 590 (5 назв.)] 
463 0 |0 (RuTPU)RU\TPU\conf\26227  |t Химия и химическая технология в XXI веке  |o материалы XIX Международной научно-практической конференции студентов и молодых ученых имени профессора Л. П. Кулёва, 21-24 мая 2018 г., г. Томск  |f Национальный исследовательский Томский политехнический университет  |v [С. 589-590]  |d 2018 
610 1 |a электронный ресурс 
610 1 |a содержание 
610 1 |a аскорбиновая кислота 
610 1 |a овощи 
610 1 |a фрукты 
610 1 |a титриметрические методы 
610 1 |a витамины 
700 1 |a Ренькас  |b М. А. 
702 1 |a Удалов  |b А. А.  |4 727 
702 1 |a Удалова  |b  Е. В.  |4 727 
712 0 2 |a Муниципальное автономное образовательное учреждение Гимназия №6 города Томска 
801 2 |a RU  |b 63413507  |c 20180821  |g RCR 
856 4 |u http://earchive.tpu.ru/handle/11683/50014 
942 |c BK